000 00525nam a22001937a 4500
003 KOHA_MİRAKIL
005 20251022150859.0
008 251022b tu ||||| |||| 00| 0 tur d
020 _a9786054708048
040 _aTR-AnABB
_btur
_cTR-AnABB
041 _atur
082 _a833.8
_bSCH 2017
100 1 _aSchnitzler, Arthur,
245 1 0 _aÖlmek /
_cArthur Schnitzler
260 _aİstanbul :
_bDedalus Kitap,
_c2017
300 _a95 sayfa ;
_c20 cm
650 0 4 _aAvusturya edebiyatı, roman
942 _2ddc
_cBK
999 _c9191
_d9191
900 _bGizem YORULMAZ